Statistics for What do these three things have in common?

Click here to take the quiz!

General Stats

  • This quiz has been taken 363 times
  • The average score is 6 of 20

Answer Stats

Clue 1Clue 2Clue 3Answer% Correct
PussyWeepingWhiteTypes of willow
53%
BreadEarthPieCrust
52%
SongAmazonTiberRivers
45%
FishSneakersSouth KoreaSole/Seoul
42%
St. LouisMcDonaldsFeetThings with arches
38%
FloridaBlackSkeletonKeys
37%
JokeWhipSmileThings you crack
36%
Market conditionPolarSunBears
36%
Spanish "there is"Dry grassGreetingHay/Hey
33%
TrafficWaffleV=(π)(r^2)(h/3)Cones
29%
ScorpionReaperGhostPeppers
27%
YorkWildebeest____ it!New/Gnu/Knew
26%
VolleyballPunchCramponsSpike
26%
MoneyScalesDeerDough/Do/Doe
24%
AarhusPastryFaroe IslandsDanish
21%
1972-1983 TV showPotatosBeermakingM.A.S.H/Mash
19%
StilettoSantoukuCheeseTypes of knives
19%
EspressoHPVBuckShot
15%
MicaJeffUnreliable personFlake
14%
GearsKeyboardsSandsThings that shift
8%

Score Distribution

Percentile by Number Answered

Percent of People with Each Score

Your Score History

You have not taken this quiz